| 000 | 00493nam a2200193Ia 4500 | ||
|---|---|---|---|
| 005 | 20250129030038.0 | ||
| 008 | 240331s9999 xx 000 0 und d | ||
| 020 | _a1878071033 | ||
| 082 |
_bJAC _2781 _a304.63 |
||
| 100 | _aJacobson, J. L | ||
| 245 | 0 |
_aWomen's Reproductive Health: _bThe Silent Emergency |
|
| 260 |
_aWashington _bWorldwatch Institute _c1991 |
||
| 300 | _a72 p., | ||
| 650 | _aReproductive Health | ||
| 650 | _aWomen | ||
| 650 | _aFamily | ||
| 650 | _aHealth | ||
| 942 | _cL | ||
| 999 |
_c1420 _d1420 |
||